Chemistry quiz - Statistics

General Stats
  • This quiz has been taken 111 times
  • The average score is 9 of 10
Answer Stats
Question Answer % Correct
What is the symbol for silver? Ag
100%
What is the symbol for Gold? Au
100%
What is the symbol for Carbon? C
100%
What is the symbol for Oxygen? O
100%
What is the symbol for Lead? Pb
100%
What is the number for Lithium? 3
92%
What is the symbol for Mercury? Hg
92%
What is the number for Sodium? 11
83%
What is the number for Tin? 50
50%
What is the number for Gold? 79
42%
No matching quizzes found
Score Distribution
Percent of People with Each Score
Percentile by Number Answered
Your Score History
You have not taken this quiz